000 00714nam a2200253Ia 4500
003 OSt
005 20220918222009.0
006 a|||||r|||| 00| 0
007 ta
008 220917b |||||||| |||| 00| 0 eng d
024 _a214,223
037 _cTextual
040 _aARTS
_cARTS
_beng
041 _2eng
_aeng
082 _aSN1:52, P2
100 _aColeman Margaret Cecil
_9140194
245 0 _aEmotional and behavioral disorders
_b Theory and practice
260 _aBoston
_bAllyn and Bacon
_c2002
300 _axvi, 363 p
_ccm.
650 _aPSYCHOLOGY
700 _a Webber Jo
_9141930
942 _hSN1:52, P2
_cTEXL
_2CC
999 _c274248
_d274248